000 00798cam a2200229 4500
001 J11835
008 #DATE n2002 000 0 eng u
035 _a(Sirsi) u119843
041 _aeng
050 _a692.5
110 _aBuilding Cost Information Service
_91096
245 _aCost trends [wall chart] 2002
260 _aKingston upon Thames
_bBuilding Cost Information Service
_c2002
300 _a1 wall chart : col. ; 65x50cm.
350 _a10
520 _aThis item is part of a subscription service and cannot be photocopied. Please contact BCIS direct on +44 (0)20 7695 1500 for details.
650 _aBUILT ENVIRONMENT-BUILDING COSTS
650 _aWALL CHARTS
690 _aBUILT ENVIRONMENT-BUILDING COSTS
710 _aBuilding Maintenance Information
_93229
942 _n0
999 _c102418
_d102418